| 000 | 00798cam a22002411 4500 | ||
|---|---|---|---|
| 001 | sa 67006615 | ||
| 003 | DLC | ||
| 005 | 20260227112409.0 | ||
| 008 | 720531s1967 ii ab b 000 0 eng | ||
| 010 | _asa 67006615 | ||
| 035 | _a(OCoLC)320831 | ||
| 040 |
_aDLC _cOCU _dOCoLC _dDLC |
||
| 042 | _apremarc | ||
| 050 | 0 | 0 |
_aPK1850 _b.M82 1967 |
| 082 | _a891.4/7/09 | ||
| 100 | 1 |
_aMunshi, Kanaiyalal Maneklal, _d1887-1971. |
|
| 245 | 1 | 0 |
_aGujarÄt and its literature, from early times to 1852, _cby Kanaiyalal M. Munshi. Foreword by Mahatma Gandhi. |
| 250 | _a[3d ed.] | ||
| 260 |
_aBombay, _bBharatiya Vidya Bhavan, _c1967. |
||
| 300 |
_axxxiv, 292 p. _billus., maps (2 fold., part col.) _c23 cm. |
||
| 504 | _aBibliographical footnotes. | ||
| 650 | 0 |
_aGujarati literature _xHistory and criticism. |
|
| 999 |
_c76074 _d76074 |
||